|
|
|
|
| LEADER |
01978nam a2200373 i 4500 |
| 001 |
41022 |
| 003 |
BD-DhAAL |
| 005 |
20230322122610.0 |
| 008 |
230322t2021 ne a b 001 0 eng |
| 010 |
|
|
|a 2021444058
|
| 020 |
|
|
|a 9780128201091
|
| 040 |
|
|
|a DLC
|b eng
|e rda
|c DLC
|d BD-DhAAL
|
| 042 |
|
|
|a pcc
|
| 082 |
0 |
4 |
|a 004.21
|2 23
|
| 100 |
1 |
|
|a Patterson, David A.,
|e author.
|
| 245 |
1 |
0 |
|a Computer organization and design :
|b the hardware/software interface /
|c David A. Patterson and John L. Hennessy
|
| 250 |
|
|
|a Sixth edition.
|
| 250 |
|
|
|a MIP edition.
|
| 260 |
|
|
|a Amsterdam [Netherlands] ;
|b Boston [MA] :
|b Morgan Kaufmann,
|c 2021
|
| 300 |
|
|
|a xxii, 777, (I-26) pages :
|b illustrations (some color) ;
|c 24 cm.
|
| 504 |
|
|
|a Includes bibliographical references and index.
|
| 526 |
|
|
|a CSE
|
| 541 |
|
|
|a Karim International
|e 41022, 41023, 41024, 41025
|
| 650 |
|
0 |
|a Computer organization.
|
| 650 |
|
0 |
|a System design
|x Data processing.
|
| 650 |
|
0 |
|a Computer architecture.
|
| 700 |
1 |
|
|a Hennessy, John L.,
|e author.
|
| 852 |
|
|
|a Ayesha Abed Library
|c General Stacks
|
| 942 |
|
|
|2 ddc
|c BK
|
| 999 |
|
|
|c 45220
|d 45220
|
| 952 |
|
|
|0 0
|1 0
|2 ddc
|4 0
|6 004_210000000000000_PAT
|7 0
|9 73429
|a BRACUL
|b BRACUL
|c GEN
|d 2023-03-22
|e Karim International
|g 9140.00
|l 7
|m 56
|o 004.21 PAT
|p 3010041022
|q 2026-06-02
|r 2026-04-22
|s 2026-04-22
|t 1
|v 9140.00
|w 2023-03-21
|y BK
|
| 952 |
|
|
|0 0
|1 0
|2 ddc
|4 0
|6 004_210000000000000_PAT
|7 0
|9 73430
|a BRACUL
|b BRACUL
|c GEN
|d 2023-03-21
|e Karim International
|g 9140.00
|l 9
|m 85
|o 004.21 PAT
|p 3010041024
|q 2026-06-02
|r 2026-02-25
|s 2026-02-25
|t 3
|v 9140.00
|w 2023-03-21
|y BK
|
| 952 |
|
|
|0 0
|1 0
|2 ddc
|4 0
|6 004_210000000000000_PAT
|7 0
|9 73431
|a BRACUL
|b BRACUL
|c GEN
|d 2023-03-21
|e Karim International
|g 9140.00
|l 5
|m 43
|o 004.21 PAT
|p 3010041023
|r 2025-10-12
|s 2025-06-23
|t 2
|v 9140.00
|w 2023-03-21
|y BK
|
| 952 |
|
|
|0 0
|1 0
|2 ddc
|4 0
|6 004_210000000000000_PAT
|7 0
|9 73432
|a BRACUL
|b BRACUL
|c GEN
|d 2023-03-21
|e Karim International
|g 9140.00
|l 5
|m 59
|o 004.21 PAT
|p 3010041025
|r 2026-05-20
|s 2026-01-19
|t 4
|v 9140.00
|w 2023-03-21
|y BK
|